| 000 | 00481cam a22001457a 4500 | ||
|---|---|---|---|
| 008 | 180718b1999 xxu||||| |||| 00| 0 eng d | ||
| 020 | _a8122005446 | ||
| 082 | _aDx5 D851 | ||
| 245 |
_aSouth Asia and its Eastern neighbours: building a relationship in the 21st century _cedited by Muchkund Dubey and Nancy Jetly |
||
| 260 |
_aKonark _bDelhi _c1999 |
||
| 300 | _a291p. | ||
| 650 | _aSouth Asia --Foreign relations --Congresses | ||
| 700 | _aJetly, Nancy | ||
| 700 | _aDubey, Muchkund | ||
| 999 |
_c391224 _d391224 |
||